Clubs pro par région : Auvergne Rhône Alpes - Statistiques

Statistiques générales
  • Ce quiz a été pris 82 fois
  • Le résultat moyen est 6 sur 8
Statistiques - réponses
Dernière année Club % Correct
2024 AS Saint-Étienne
97%
2024 Olympique Lyonnais
97%
2024 Clermont Foot
96%
2024 Grenoble Foot
91%
2024 FC Annecy
83%
2016 Évian TG
61%
2004 ASOA Valence
58%
2018 FBBP 01 (Bourg-en-Bresse)
57%
Aucun quiz correspondant
Distribution des résultats
% des personnes avec chaque résultat
Percentile par nombre de réponses
Votre historique - résultats
Vous n’avez pas pris ce quiz